Sports Quiz

Random Sports or NHL Quiz

NHL Top Scorers/Team (1990s) Quiz Stats

 Plays Quiz Updated Jul 8, 2014

Challenge
Share
Tweet
Embed
Score 0/135 Timer 20:00
1 Play Today
% Correct
Wayne Gretzky
91.2%
Jaromir Jagr
82.5%
Mario Lemieux
82.3%
Mark Messier
82.2%
Steve Yzerman
82%
Teemu Selänne
80.3%
Teemu Selänne
80.3%
Joe Sakic
77.5%
Brett Hull
76%
Mike Modano
75%
Paul Kariya
73.9%
Eric Lindros
73.5%
Ray Bourque
69.5%
Peter Forsberg
69.1%
Pavel Bure
68.5%
Jeremy Roenick
65.8%
Scott Stevens
63.9%
Kevin Stevens
63.8%
Mats Sundin
62.7%
Mats Sundin
62.7%
Sergei Fedorov
62.2%
Ron Francis
62.1%
Ron Francis
62.1%
Cam Neely
59.7%
Adam Oates
59.6%
Adam Oates
59.6%
Luc Robitaille
58.7%
Pat LaFontaine
58.4%
Theoren Fleury
58.3%
Brian Leetch
58.3%
Mark Recchi
58.1%
Mark Recchi
58.1%
Brendan Shanahan
57.4%
Nicklas Lidström
56.5%
John LeClair
55.9%
Alexander Mogilny
53.5%
Alexander Mogilny
53.5%
Daniel Alfredsson
53.1%
Jari Kurri
51.8%
Trevor Linden
51.5%
Chris Chelios
51.3%
Peter Bondra
51.1%
Doug Gilmour
50%
Alexei Yashin
49.4%
Al MacInnis
48.2%
% Correct
Al MacInnis
48.2%
Keith Tkachuk
47.5%
Rod Brind'Amour
46.7%
Joe Nieuwendyk
45.7%
Dave Andreychuk
45.2%
Dave Andreychuk
45.2%
Pierre Turgeon
43.9%
Scott Niedermayer
43.4%
Rob Niedermayer
43.2%
Tony Amonte
42.9%
Owen Nolan
42%
Doug Weight
41.8%
Dale Hawerchuk
41.2%
Adam Graves
40.9%
Rob Blake
39.4%
Vincent Damphousse
38.7%
Alexei Kovalev
37.5%
Wendel Clark
37.4%
Mike Gartner
33.7%
Gary Roberts
33.6%
Jason Arnott
33.4%
Scott Mellanby
32.8%
Mikael Renberg
32.1%
Steve Larmer
31.4%
Pat Verbeek
30.5%
Zigmund Palffy
29.8%
Kirk Muller
28.6%
Dale Hunter
27.9%
Brian Bellows
27.2%
Greg Johnson
26.5%
Vyacheslav Kozlov
26.4%
John MacLean
26.4%
Alexandre Daigle
25.7%
Steve Thomas
25.7%
Steve Rucchin
25.3%
Joe Mullen
24.4%
Alexei Zhamnov
22.8%
Cliff Ronning
22.8%
Cliff Ronning
22.8%
Geoff Sanderson
22.7%
Stephane Richer
22.6%
Neal Broten
22.4%
Ray Whitney
20.4%
Jeff Brown
19.9%
Bobby Holik
19.7%
% Correct
Kevin Dineen
18.3%
Brian Bradley
18.3%
Pat Falloon
17.8%
Ray Sheppard
17.7%
Valeri Kamensky
17%
Glen Wesley
16.7%
Thomas Steen
16.6%
Michal Pivonka
16.3%
Dave Gagner
16.1%
Roman Hamrlik
15.7%
Teppo Numminen
15.2%
Petr Klima
14.7%
Jeff Friesen
14.4%
Scott Young
14.1%
Robert Reichel
13.8%
Derek King
13.6%
Tony Granato
13.1%
Chris Gratton
13%
Shayne Corson
12.7%
Jyrki Lumme
11.6%
Craig Simpson
11.5%
Andrew Cassels
11.4%
Mike Ridley
10.3%
Calle Johansson
10.2%
Dirk Graham
9.4%
Donald Audette
8.9%
Scott Walker
8.5%
Ulf Dahlen
8.1%
Shawn McEachern
7.9%
Robert Svehla
7.7%
Dave Ellett
7.5%
Rob Zamuner
6.5%
Radek Dvorak
6.3%
Kelly Buchberger
6.2%
Patrick Flatley
5.9%
Ted Donato
5.9%
Sergei Krivokrasov
5.8%
Johan Garpenlöv
5.4%
Joe Sacco
5.2%
Bill Lindsay
5%
Stephan Lebeau
4.2%
Andreas Dackell
3.9%
Alex Selivanov
3.7%
Garry Valk
3.7%
Sebastian Bordeleau
2.1%

You're not logged in!

Compare scores with friends on all Sporcle quizzes.
Join for Free
OR
Log In

You Might Also Like...

Show Comments

Extras

Top Quizzes Today


Score Distribution

Your Account Isn't Verified!

In order to create a playlist on Sporcle, you need to verify the email address you used during registration. Go to your Sporcle Settings to finish the process.

Report this User

Report this user for behavior that violates our Community Guidelines.

Details: